000 00612nam a22001817a 4500
005 20231109093709.0
008 231109b |||||||| |||| 00| 0 eng d
020 _a070212172 ; 0702121738
041 _aEnglish
082 _a346.2 FAR
100 _aLubbe, GF and Murray, CM
_lEnglish
245 _aFarlam and Hathaway Contract :
_bCases, Materials and Commentary /
_cGF Lubbe and CM Murray
250 _aThird Edition
260 _aCape Town :
_bJuta and Company Ltd,
_c1988
300 _bxxxvii, 788 pages ;
_c26 cm.
650 _aLegal practice
_bLaw
942 _cBK
_6ALISON_BN_VRIES
999 _c469
_d469